00920 2200265 4500001002100000005001500021035002500036007000300061008004100064022001400105040001700119082001700136084001900153090002300172090002200195110003500217245016200252260004300414300005800457651003200515850001200547999002200559546005100581990002200632INLIS00000000003490520191126101317 a0010-041800000000084ta180321s2017 yoia g s c ind d a0852-0308 aYOPDYOGbind04223a315.9827 a315.9827 BAD k aDEP 315.9827 BAD k aCB-D.11 2017-21690 aBadan Pusat Statistik (Sleman)10aKecamatan Turi dalam angka 2017 = Turi district in figures 2017 /cBadan Pusat Statistik Kabupaten Sleman; penyunting, Badan Pusat Statistik Kabupaten Sleman aSleman :bBadan Pusat Statistik,c2017 axvi, 103 halaman :bilustrasi berwarna, peta ;c21 cm 4aTuri--xStatistik--zSleman aYOPDYOG aCB-D.11/2017-2169 aTeks dalam bahasa Indonesia dan bahasa Inggris aCB-D.11/2017-2169